00958aam a22002654a 450000100090000000300040000900500170001300800410003001000170007102000360008802000350012404000180015904200080017705000210018508200180020610000220022424500720024625000120031826000730033030000360040350400510043965000340049085600900052485600780061413123985OSt20231123141114.0030314s2003 enka b 001 0 eng  a 2003045085 a0470843268 (cloth : alk. paper) a0470843276 (pbk. : alk. paper) aDLCcDLCdDLC apcc00aRS380b.W34 200300a615.19bWAL/B1 aWalsh, Gary,cDr.10aBiopharmaceuticals :bbiochemistry and biotechnology /cGary Walsh. a2nd ed. aChichester, West Sussex, England ;aHoboken, NJ :bJ. Wiley,cc2003. axviii, 551 p. :bill. ;c24 cm. aIncludes bibliographical references and index. 0aPharmaceutical biotechnology.423Publisher descriptionuhttp://www.loc.gov/catdir/description/wiley036/2003045085.html413Table of contentsuhttp://www.loc.gov/catdir/toc/wiley032/2003045085.html